000 00744nam a2200181Ia 4500
008 151202s9999||||xx |||||||||||||| ||und||
082 _bPNVM-40431
100 _aपालखीवाला नानी.
245 _aवुई द नेशन: वाया गेलेली वर्षे.
260 _b"मेहता पब्लिशींग हाऊस, पुणे."
260 _c1995
300 _a297
600 _aपालखीवाला नानी.
630 _aवुई द नेशन: वाया गेलेली वर्षे.
700 _aपालखीवाला नानी.
730 _aवुई द नेशन: वाया गेलेली वर्षे.
942 _cBOOK
999 _c1306383
_d1306380